00544nam a22001577a 450000500170000001000150001702000270003203500140005903700090007308200080008210000310009024501230012126000580024427000580030230000260036020250108114607.0 aENG-143260 a9789357600149c2500.00 aEN-126792 bDBAD a610 aDevsharmman, Chanchal Roy  aText Book of Kriya Yog: bThe Cosmic Engineering of Life in the Light of Medical Science/cBy Chanchal Roy Devsharmman aDelhibMotilal Banarsidass Publishers PVT. LTD.c2024 a41U.A., Bungalow Road, Jawahar Nagar, bDelhie110007 axviii,825p.c25cm(pb)